00465nam a22001457a 450000500170000001000130001702000260003003500130005608200110006924500900008026000480017027000590021830000250027770000170030220110801115042.0 aB-423722 a9788173053849c595.00 aB-423722 a811.09 aThe concept of rasa:bwith special references to Ahbinavaguptacedited by S.C. Pande  aNew DelhibAryan Books International c2009 aPooja Apartments, 4B, Ansari Road, bNew Delhie110002 axxvi, 261pc24cm(Hb) aPande, S.C.